Buteurs Français en Ligue des Champions - Statistiques

Statistiques générales
  • Ce quiz a été pris 333 fois
  • Le résultat moyen est 7 sur 15
Statistiques - réponses
Goals Clubs that they played the most for Réponse % Correct
88 Real Madrid Karim Benzema
100%
51 Arsenal Thierry Henry
99%
40 Paris Saint-Germain Kylian Mbappé
96%
30 Atletico Madrid Antoine Griezmann
95%
22 Arsenal Olivier Giroud
85%
28 Olympique de Marseille Jean-Pierre Papin
77%
29 Juventus Turin David Trezeguet
68%
18 Bayern Munich Franck Ribéry
60%
17 Juventus Turin Michel Platini
48%
18 Olympique lyonnais Juninho
3%
20 Chelsea Nicolas Anelka
2%
44 Chelsea Didier Drogba
1%
24 Real Madrid Gonzalo Higuaín
1%
20 Manchester City Leroy Sané
0%
20 Manchester City Riyad Mahrez
0%
Aucun quiz correspondant
Distribution des résultats
% des personnes avec chaque résultat
Percentile par nombre de réponses
Votre historique - résultats
Vous n’avez pas pris ce quiz